000 00756nam a22002177a 4500
001 0000003885
003 PPM
005 20260421111630.0
008 260421b ||||| |||| 00| 0 eng d
020 _a9833109179
_cRM 80.00
_qHardback
035 _a0000003885
040 _bMalay
_cPusat Penyelidikan Mineral, Jabatan Mineral Dan Geosains Malaysia
_dPPM
_eRDA
082 0 0 _222
_a351.595
_bPEN 2006
245 1 0 _aPentadbiran Dan Pengurusan Awam Malaysia
260 1 _aKuala Lumpur :
_bInstitut Tadbiran Awam Negara,
_c2006
300 0 0 _axlii, 464 pages .:
_bmaps. illustrations .;
_c25 cm
504 _aIncludes bibliographical reference and indexs
650 1 0 _aPublic administration
_zMalaysia
650 2 0 _aCivil service
_zMalaysia
942 _2ddc
_cBK
999 _c27208
_d27208